|
|
|
|
| LEADER |
01362nam a22003252a 4500 |
| 001 |
000049873 |
| 003 |
CZ BrMZK |
| 005 |
20070808174148.0 |
| 007 |
ta |
| 008 |
951201s1989 xr f cze d |
| 015 |
|
|
|a cnb000050816
|
| 020 |
|
|
|a 80-205-0044-8
|
| 035 |
|
|
|a (OCoLC)24695033
|
| 040 |
|
|
|a BOA001
|b cze
|
| 080 |
9 |
|
|a 329.8(437)
|
| 100 |
1 |
|
|a Formánek, Miloslav,
|d 1930-
|7 jk01031593
|
| 245 |
1 |
0 |
|a Přestavba a rozvoj socialistického politického systému /
|c Miloslav Formánek
|
| 250 |
|
|
|a 1. vyd.
|
| 260 |
|
|
|a Praha :
|b Svoboda,
|c 1989
|
| 300 |
|
|
|a 144 s.
|
| 490 |
1 |
|
|a K přestavbě a novému myšlení
|
| 830 |
|
0 |
|a K přestavbě a novému myšlení
|
| 856 |
4 |
1 |
|u http://www.digitalniknihovna.cz/mzk/uuid/uuid:46095c60-ba77-11e3-9d7d-005056827e51
|y Digitalizovaný dokument
|x NDK
|
| 910 |
|
|
|a BOA001
|b PK-0110.968
|b TK-0241.394
|b 1-0947.796
|
| 964 |
|
|
|a Systém politický - ČSSR - přestavba - rozbory
|
| 990 |
|
|
|a BK
|
| 996 |
6 |
|
|b 2619605034
|c 1-0947.796
|l MZK
|r Sklad / do 1 hodiny
|n 0
|w 000049873
|u 000040
|a 1
|e BOA001
|j MZK50
|s P
|
| 996 |
7 |
|
|b 2619605035
|c 1-0947.796
|l MZK
|r Sklad / do 1 hodiny
|n 0
|w 000049873
|u 000030
|a 1
|e BOA001
|j MZK50
|s A
|
| 996 |
7 |
|
|b 2629993975
|c TK-0241.394
|l MZK
|r Sklad / do 24 hodin
|n 2
|w 000049873
|u 000020
|a 1
|e BOA001
|j MZK50
|s A
|
| 996 |
7 |
|
|b 3119979725
|c PK-0110.968
|l MZK
|r Sklad / do 1 hodiny
|n 0
|w 000049873
|u 000010
|a 1
|e BOA001
|j MZK50
|s A
|